000 01132njm a22002897a 4500
005 20100913100347.0
007 sd ammalaaahaa
008 100913t xxu||||| |||| 00| 0 hin d
028 _aHFLP. 3529
_bHis Master's Voice
035 _aGR-04524
040 _aSED/VEN
100 _919606
_aBhosle, Asha
245 _aPhagun /
_h[sound recording] :
_cby Asha Bhosle & Mohd. Rafi ; music by O. P. Nayyar ; lyric by Qamar Jalalabadi
246 _aफागुन (आशा भोसले)
260 _aDum Dum, India
_bHis Master's Voice
_c1989
300 _a1 sound disc [Gramophone record] :
_banalog, 33.1/3 rpm
_c12 in. (LP)
_fGramophone record
500 _aBrief record.
500 _aHis Master's Voice
500 _aOrange
505 _aPart.1 Ek pardesi mera dil le gaya (Phagun) (Asha Bhosle & Mohd. Rafi), Part. 2 Piya piya piya
650 _xExcerpts
_zIndia
_919607
_vFilmi song
_aClassical music
700 _920331
_aMohd. Rafi
700 _aNayyar, O. P.
_920881
700 _aQamar Jalalabadi
_920894
942 _2ddc
_cGR
999 _c47180
_d47180